000 00844nac a22002291u 4500
010 _a 2004048013
020 _a0471487368
082 0 0 _a624.18341
_bMCC
090 _c6514
_d6514
100 _aMcCormac, Jack C.
245 1 0 _aDesign of reinforced concrete /
_cJack C. McCormac, James K. Nelson.
250 _a6th ed.
260 _aHoboken, NJ :
_bJohn Wiley,c.2006.
_cc.2006.
300 _axi, 721 p. :
_bill. ;
_c24 cm.
500 _aDistributer: Al-Ahram.
511 _aCatalogued By: Mahitab.
650 0 _aReinforced concrete construction.
700 1 _aNelson, James K.
856 4 1 _3Table of contents
_uhttp://www.loc.gov/catdir/toc/wiley041/2004048013.html
856 4 1 _3Publisher description
_uhttp://www.loc.gov/catdir/description/wiley041/2004048013.html
942 _cBB
_k624.18341MCC
999 _c6514
_d6514